01123nam a2200253Ia 4500008004100000020001900041050002000060100003900080245012800119250001800247260003300265300003600298336001000334337001400344338001200358500002300370504004100393505026100434650003500695650002800730700003400758700003700792700004000829120720t19902012mx a 000 0 spa d a9789682441005  aQ180 bP76 1990 aMéndez Ramírez, Ignacioeautor13aEl Protocolo de investigaciónc : lineamientos para su elaboración y análisisb / Ignacio Méndez Ramírez [et al.] a2a. edición aMéxicob : Trillasc, 1990 a210 páginasb : ilustraciones atexto asin medio avolumen areimpresión 2012 aIncluye: bibliografía (pp.203-204) aDiferentes tipos de estudios Definición del problema Instructivo espécífico para la elaboración de cada protocolo Instructivo general para la elaboración de la última parte de un protocolo Formatos específicos para cada uno de los productos 10aINVESTIGACIÓNxMETODOLOGÍA20aCIENCIA xMETODOLOGÍA aNamira Guerrero, Deliaeautor aMoreno Altamirano, Lauraeautora aSosa de Martinez, Cristinaeautora